Land price series (Record no. 80490)

MARC details
000 -LEADER
fixed length control field 00849cab a22001815a 4500
001 - CONTROL NUMBER
control field L144492
008 - FIXED-LENGTH DATA ELEMENTS--GENERAL INFORMATION
fixed length control field 080723s2008 xxk f 000 0 eng d
035 ## - SYSTEM CONTROL NUMBER
System control number (Sirsi) u144492
041 0# - LANGUAGE CODE
Language code of text/sound track or separate title eng
110 2# - MAIN ENTRY--CORPORATE NAME
Corporate name or jurisdiction name as entry element Farmland Market
9 (RLIN) 5484
245 00 - TITLE STATEMENT
Title Land price series
260 ## - PUBLICATION, DISTRIBUTION, ETC.
Date of publication, distribution, etc. 2008
490 ## - SERIES STATEMENT
Series statement Farmland Market
Volume/sequential designation (69) Summer 2008, 20-21(2)
520 ## - SUMMARY, ETC.
Summary, etc. Discusses the development and history of the various land price series available and states that differing series can offer conflicting prices as they have been created using different specifications. Provides up to date information on which series are current and lists pros and cons that will prove useful to surveyors working in rural land valuation in the event of having to chose between them.
651 #4 - SUBJECT ADDED ENTRY--GEOGRAPHIC NAME
Geographic name United Kingdom
Chronological subdivision
690 ## - LOCAL SUBJECT ADDED ENTRY--TOPICAL TERM (OCLC, RLIN)
Topical term or geographic name as entry element PROPERTY-RURAL AND NATURAL ASSETS
942 ## - ADDED ENTRY ELEMENTS (KOHA)
Suppress in OPAC 0
Holdings
Withdrawn status Lost status Source of classification or shelving scheme Damaged status Not for loan Home library Current library Shelving location Date acquired Total Checkouts Full call number Barcode Date last seen Copy number Price effective from Koha item type
    Dewey Decimal Classification     London London Journal article 23/07/2008   L144492 144492-1001 06/08/2019 1 06/08/2019 Journal article